Сан Стефанска България (Запис номер 107463)
[ съкратено ]
| 000 -Лидер | |
|---|---|
| Контролно поле с фиксирана дължина | 01702nam a2200397 c 4500 |
| 003 - Код на организацията, давaща контролен номер | |
| Контролно поле | BLK |
| 005 - Дата и час на последна редакция | |
| Контролно поле | 20250119004108.0 |
| 008 - Елементи от данни с фиксирана дължина | |
| fixed length control field | 180409b bul|||||r ||||||| ||bul|| |
| 010 ## - Наследен системен номер | |
| LC control number | KNG00112751000 |
| 020 ## - Международен стандартен номер на книга ISBN | |
| Международен стандартен номер на книга ISBN | 78-954-642-613-0 |
| -- | издат.: Пенсофт - на том(т. 2) |
| 040 ## - Източник на каталожния запис | |
| Идентификатор на билиотеката - собственик на записа | BLK |
| 041 ## - Код за език | |
| Код за езика на текст/звукозапис или на отделно заглавие | Български |
| Код за езика КДБФ | Български |
| 072 #7 - Код за тематичната категория | |
| Код организация | bullib |
| Код за тематична категория | Н92 |
| Текст | История Н |
| 080 ## - УДК | |
| Текстов определител УДК | Освобождение на България. Руско-турска война (1877-1878) |
| УДК код - определител по УДК | 94(497.2)"1877/1878" |
| УДК определител | |
| УДК - код + определител | 94(497.2)"1877/1878" |
| 100 1# - Редна дума - Автор | |
| Автор | Райкин, Спас Тодоров |
| Авторска отговорност | първи автор |
| R(LIN) | 114546 |
| 139 ## - Редно поле | |
| Редна дума | Райкин, Спас Тодоров |
| Авторски знак | Раи - Р 27 |
| 245 10 - Сведения за заглавието | |
| Заглавие | Сан Стефанска България |
| Подзаглавни данни | Поява, съдба, триумф и трагедия на бълг. нац. идея : Т. 1 - 2 |
| Редно поле (дума) | Спас Тодоров Райкин. |
| Том | Т. 2 |
| 257 ## - Страна на издаване | |
| Страна на създаване/издаване | България |
| 260 ## - Област на издателските данни | |
| -- | София |
| Година на издаване | 2011 |
| Печатница | София : Д. Благоев |
| 300 ## - Физическа характеристика | |
| Размери/Мащаб | 24 см |
| 380 ## - Жанр | |
| Жанр | История |
| 650 #4 - Допълнително описание по предмет – тема | |
| Основно описание – тема или топоним | Санстефански мирен договор 1878 |
| 9 (RLIN) | 170223 |
| 650 #0 - Допълнително описание по предмет – тема | |
| Основно описание – тема или топоним | България - история |
| 9 (RLIN) | 244493 |
| 653 ## - Ключова дума – ненормативна | |
| Ключова дума | Санстефански мирен договор |
| 653 ## - Ключова дума – ненормативна | |
| Ключова дума | Берлински конгрес 1878 |
| 653 ## - Ключова дума – ненормативна | |
| Ключова дума | дипломация |
| 653 ## - Ключова дума – ненормативна | |
| Ключова дума | история |
| 659 ## - Тематичен бюлетин | |
| Тематичен бюлетин | Н |
| 760 1# - Описание на основната серия | |
| -- | - на том(т. 2) |
| Редна дума на основното описание | Райкин, Спас Тодоров |
| Място на издаване, издател и година | Пенсофт, 2011 |
| Страници - том | 600 с. : с к., портр. |
| Заглавие | Т. 2 |
| 852 ## - Местоположение | |
| Форматна сигнатура | Цб 255192 |
| 856 4# - Електронен адрес и достъп | |
| Електронен формат | pdf - файл |
| Път до файла /url/ | |
| 856 4# - Електронен адрес и достъп | |
| Електронен формат | pdf - файл |
| Път до файла /url/ | |
| 942 ## - АРТИКУЛИ | |
| Вид на библиотечния материал | Книги |
| Скрит в OPAC | Не |
| Koha issues (borrowed), all copies | 1 |
| 944 ## - СЪЗДАВАНЕ И РЕДАКЦИЯ на ЗАПИСА | |
| Създаване/Редакция | Създаване |
| Дата на регистрацията/редакция | 28.05.2012 |
| Статус, дата на статуса | CRON CRON |
| Служител, извършил регистрацията/редакцията | |
| 944 ## - СЪЗДАВАНЕ И РЕДАКЦИЯ на ЗАПИСА | |
| Създаване/Редакция | Редакция |
| Дата на регистрацията/редакция | 21.08.2012 |
| Статус, дата на статуса | ф / |
| Служител, извършил регистрацията/редакцията | |
| 999 ## - СИСТЕМНИ КОНТРОЛНИ НОМЕРА | |
| Koha biblionumber | 107463 |
| Koha biblioitemnumber | 107463 |
| Код за отписване | Код за изгубен артикул | Източник на класификационната схема | Код за повреда | Коз за рестрикции | Код за отдаване | Артикулен № | Име на библиотеката - собственик | Име на библиотеката, в която се намира в момента | Статус (Текущо местоположение) | Дата на вписване в системата | Местоположение - отдел | Цена в лева | Инвентарен номер | Систематично азбучна сигнатура | Баркод | Номер на екземпляра | Цена в евро | Служебна бележка | Служебен тип на артикула |
|---|---|---|---|---|---|---|---|---|---|---|---|---|---|---|---|---|---|---|---|
| Не е изгубен | Universal Decimal Classification | Не е повреден | без рестрикции | заемане за дома | 173407 | Регионална библиотека "Любен Каравелов" Русе | Регионална библиотека "Любен Каравелов" Русе | Заемна - подръчен фонд | 2012-05-28 | Заемна - подръчен фонд | 25.00 | 120000757826 | П 94(497.2)"1877/1878"/Р 27 | 120000757826 | 1 | 12.78 | Дост: DA Вид: А N: 8 Дата: 28.05.2012 Дата инв: 08.02.2018 Бележки инв: П2018 | Книги |